00674nam a22002057a 450000500170000001000110001702000270002803500140005503700090006908200120007810000250009024500470011525000060016226000340016827000730020230000180027594200260029399900190031995201300033820250213154038.0 a127234 c1095.00a9789380607962 aEN-127234 bDBAD a320.954 aCopley Antony977559 aMusic And The Spiritual/cBy Antony Copley a1 aNew DelhibPrimus Book c2012 bNew DelhiaVirat Bhawan, Mukherjee Nagar, Commercial Complexe110009 a352c21cm(HB) 2ddccENh320.954mCOP c208981d208981 001040708NFICaLbLd2025-02-11eDBADg1095.00l0o320.954 GUPpEN-127234r2025-02-11 00:00:00t1v1095.00w2025-02-11yEN